[Event "Panevezys Elite Open 2019"]
[Site "Panevezys"]
[Date "2019.06.25"]
[Round "1.8"]
[White "Kaunas, Kestutis"]
[Black "Juksta, Karolis"]
[Result "0-1"]
[WhiteElo "2151"]
[BlackElo "2261"]
[Annotator "TA"]
[PlyCount "120"]
[EventDate "2019.06.24"]
[EventType "swiss"]
[EventCountry "LTU"]
[SourceTitle "playchess.com"]
[Source "ChessBase"]
[SourceQuality "1"]

{[%evp 14,120,15,19,43,52,46,12,21,-8,33,0,0,0,0,0,0,-10,8,0,0,0,0,0,0,0,0,0,39,-29,40,52,75,80,110,103,169,163,218,86,95,64,81,72,104,0,0,-8,-10,-10,-10,-10,-7,0,0,-16,0,-30,0,-22,-30,-85,-36,-56,-48,-122,-129,-123,-128,-141,-135,-149,-145,-230,-201,-201,-196,-195,-194,-189,-189,-273,-268,-332,-324,-454,-435,-454,-446,-463,-463,-455,-456,-459,-454,-429,-418,-447,-348,-1337,-418,-418,-411,-400,-398,-380,-380,-5019,-4827]} 1. d4 e6 2. c4 f5 3. Nc3 Nf6 4. e3 b6 5. Bd3 Bb7 6. f3 Be7 7. Nge2 O-O 8. O-O c5 {A85: Dutch Defence: 2 c4 Nf6 3 Nc3} (8... Kh8 9. Qc2 c5 10. d5 Na6 11. a3 Nc7 12. e4 fxe4 13. fxe4 Bd6 14. Bf4 Bxf4 15. Rxf4 e5 16. Rf3 {0-1 (71) Sorm,D (2350)-Hausner,I (2336) Ceske Budejovice 2015}) 9. d5 Na6 $146 ({Predecessor:} 9... g6 10. e4 fxe4 11. Bxe4 Nxe4 12. Nxe4 exd5 13. cxd5 d6 14. Nf4 Bc8 15. Re1 a5 16. Qe2 {1-0 (60) Sternheimer,E (2108)-Scheringer,D (2054) Bayern 2003}) 10. a3 Nc7 {The position is equal.} 11. b3 Kh8 {[%cal Re6d5]} 12. Bb2 exd5 13. Bxf5 dxc4 14. bxc4 d5 15. cxd5 Ncxd5 16. Qc1 Qc7 17. Nxd5 Nxd5 18. e4 {[#] White wants to mate with Qh6!} Bf6 19. Bxf6 Rxf6 20. Rd1 Qe5 21. f4 ({White should play} 21. Bg4 $14) 21... Qe8 (21... Qc7 $11) 22. Ng3 $1 $36 {[%mdl 2048] White has some pressure.} Ne7 23. Bd7 Qf8 24. f5 Qb8 (24... Nc6 $16) 25. Qc3 Qf4 {[#]} (25... Rh6 {was called for.} 26. h3 Nc6) 26. Rf1 (26. Be6 $1 $18 {Threatens to win with Rd7.} Bxe4 27. Rf1) 26... Qh4 27. Qe5 Rh6 28. h3 Ng8 29. Qf4 (29. Rad1 $16) 29... Nf6 {aiming for ...Qxf4.} 30. Be6 Nxe4 31. Nxe4 Bxe4 32. Rad1 Qxf4 33. Rxf4 Bc6 34. Rd6 Bb5 35. Rf2 Rf6 36. Rfd2 g6 37. Rd8+ (37. g4 $11 {remains equal.}) 37... Rf8 38. Rxa8 Rxa8 $15 {[%mdl 4096] Endgame KRB-KRB} 39. f6 (39. g4 $15) 39... Rf8 $17 40. Rf2 g5 41. g4 h6 42. Kg2 Bd3 43. h4 (43. Bd5 $17) 43... gxh4 44. Kh3 Kh7 45. Kxh4 Kg6 46. f7 c4 47. Rf3 (47. a4 {was worth a try.}) 47... b5 $19 48. Kg3 Kg7 49. Bd5 (49. Kf2 $142) 49... Bg6 50. Bc6 a6 51. Bb7 Rxf7 52. Bxa6 Rc7 53. Rc3 Be8 54. Kf4 Kf6 55. Ke4 Kg5 56. a4 $2 (56. Kd4) 56... bxa4 (56... b4 $142 57. Rxc4 Rxc4+ 58. Bxc4 Bxa4) 57. Kd4 Bf7 58. Bb5 Ra7 59. Ra3 Ra5 60. Bd7 $2 (60. Bc6) 60... Rd5+ {[%mdl 64] Double Attack. Accuracy: White = 31%, Black = 55%.} 0-1

[Event "Panevezys Elite Open 2019"]
[Site "Panevezys"]
[Date "2019.06.25"]
[Round "1.9"]
[White "Zaura, Vidmantas"]
[Black "Rudzinska, Michalina"]
[Result "0-1"]
[WhiteElo "2223"]
[BlackElo "2143"]
[Annotator "TA"]
[PlyCount "60"]
[EventDate "2019.06.24"]
[EventType "swiss"]
[EventCountry "LTU"]
[SourceTitle "playchess.com"]
[Source "ChessBase"]
[SourceQuality "1"]

{[%evp 14,60,60,51,39,23,23,19,21,-8,-14,-25,-19,-34,-22,-40,-39,-62,-58,-87,-22,-56,-50,-120,-70,-63,-55,-129,-133,-198,-177,-200,-185,-277,-61,-56,5,5,14,9,6,6,0,0,10,-60,-67,-1032,-1019]} 1. Nf3 c5 2. c4 Nf6 3. g3 Nc6 4. Nc3 e6 5. Bg2 Be7 6. d4 cxd4 7. Nxd4 a6 8. O-O Qc7 {A34: Symmetrical English: 2 Nc3, lines with ...d5} 9. Nxc6 (9. e4 {seems wilder.} O-O 10. b3 Bc5 11. Nc2 Rb8 12. Be3) (9. Be3 Ng4 10. Bf4 e5 11. Nd5 Qd8 12. Nxc6 dxc6 13. Nxe7 Qxe7 {0-1 (35) Buhmann,R (2609)-Lubbe,N (2500) Karlsruhe 2017}) 9... dxc6 10. Qc2 O-O {The position is equal.} 11. h3 e5 12. Be3 Be6 13. b3 Nd7 $146 ({Predecessor:} 13... Rad8 14. Rad1 Nd7 15. Na4 f5 16. f4 e4 {0-1 (60) Garancovsky,P (2139)-Fedorko,S (2150) Slovakia 2008}) 14. Na4 f5 15. f4 e4 16. Rfd1 Rad8 (16... h5 $17) 17. Kh2 h5 18. Rg1 (18. h4 $1 $15) 18... c5 19. Rad1 Nf6 20. Nc3 {[#]} (20. Bc1 $15) 20... h4 $1 $17 {[%mdl 512]} 21. g4 (21. Bf2 $17) (21. gxh4 Nh5) 21... fxg4 $19 22. Rxd8 Bxd8 (22... Qxd8 23. Nxe4 g3+ 24. Kh1 $17) 23. Bxe4 (23. Nxe4 {was called for.} g3+ 24. Kh1) 23... Nh5 $2 (23... gxh3 24. Bf3 $11) (23... g3+ $19 24. Kg2 Re8) 24. Nd5 $15 Bxd5 (24... g3+ $15 25. Kg2 (25. Kh1 Qc8 $17) 25... Qc8) 25. Bxd5+ $11 Kh8 26. Rxg4 {Threatens to win with Qg6.} Nxf4 27. Kh1 Nxd5 $40 {[%mdl 128] Black has some attack.} ({But not} 27... Nxh3 $2 28. Qg6 $18) 28. cxd5 Qf7 {( -> ...Qf1+)} 29. Rf4 (29. Bxc5 {gets mated.} Qf1+ 30. Bg1 Qxh3+ 31. Bh2 {[#]} Rf2 $1 {[%mdl 512]} 32. Qh7+ {[%mdl 64] Decoy} Kxh7 33. Rxg7+ Kxg7 34. Kg1 Qxh2#) (29. Qd1 $11) 29... Qxd5+ $15 30. Kg1 $2 {[%mdl 8192]} (30. Qe4 $15 Qd1+ 31. Kg2 Qxe2+ 32. Bf2 Qxe4+ 33. Rxe4) 30... Qg5+ {[%mdl 64] Double Attack. Accuracy: White = 13%, Black = 63%.} 0-1

[Event "Panevezys Elite Open 2019"]
[Site "Panevezys"]
[Date "2019.06.25"]
[Round "1.10"]
[White "Sinitsina, Anastassia"]
[Black "Cholleti Sahajasri"]
[Result "1/2-1/2"]
[WhiteElo "2095"]
[BlackElo "2207"]
[Annotator "TA"]
[PlyCount "87"]
[EventDate "2019.06.24"]
[EventType "swiss"]
[EventCountry "LTU"]
[SourceTitle "playchess.com"]
[Source "ChessBase"]
[SourceQuality "1"]

{[%evp 14,87,14,8,18,-12,24,-18,20,0,12,-27,4,-45,-48,-57,0,-44,-37,-33,-33,-33,0,0,14,-19,-46,-60,-25,-95,-29,-33,-48,-77,-82,-100,-63,-64,-58,-56,-50,-77,-55,-31,-14,-14,-25,-35,0,-53,0,-2,0,0,0,-15,0,0,0,0,62,0,0,0,0,0,0,0,0,0,6,0,0,0,6,0]} 1. Nf3 c5 2. g3 d5 3. Bg2 Nf6 4. c4 d4 5. e3 Nc6 6. exd4 cxd4 7. d3 e6 8. O-O Bd6 {A13: English Opening: 1...e6} 9. Re1 (9. Bg5 h6 10. Bxf6 Qxf6 11. Nbd2 Qe7 12. a3 a5 13. Ne4 Bc7 14. b4 axb4 15. axb4 Rxa1 16. Qxa1 f5 17. Nc5 O-O 18. Re1 Nxb4 19. Nxe6 Nc2 20. Nxf8 Qxe1+ 21. Qxe1 Nxe1 22. Nxe1 Kxf8 23. Bd5 {½-½ (23) Wei,Y (2736)-Jakovenko,D (2708) Moscow 2019}) 9... O-O 10. Na3 Re8 11. Nc2 e5 12. a3 a5 13. b3 h6 14. Rb1 Bf8 ({Black should try} 14... Bg4 $15) 15. Bb2 $146 ({Predecessor:} 15. b4 e4 16. b5 exf3 17. bxc6 bxc6 18. Rxe8 Qxe8 19. Bxf3 {1-0 (33) McNab,C (2472)-Savage,B (2330) Coulsdon 2009}) 15... Rb8 16. b4 axb4 17. Nxb4 Nd7 18. Bc1 Ra8 19. Nxc6 bxc6 20. a4 Bd6 21. Nh4 {[#]} (21. Nd2 $11) 21... Nb8 (21... Ra6 $1 $17 22. Nf5 Bf8) 22. Bd2 Bd7 23. Ra1 Na6 24. Qc2 Qc7 25. Reb1 Reb8 26. Rxb8+ Rxb8 27. Rb1 Bb4 (27... Nb4 {keeps more tension.} 28. Bxb4 Bxb4 29. c5 Ba5 30. Nf3 f6) 28. Bxb4 Rxb4 29. Rxb4 Nxb4 30. Qe2 Qa5 31. Qe1 (31. Bf1 $11) 31... Be6 (31... Qxa4 $15 32. Bf1 Qa5) 32. Nf3 Qxa4 33. Nxe5 c5 34. h4 Qa3 35. Qe4 Qa1+ 36. Kh2 Qa2 {[#]} ({Black should play} 36... Qa6 $11) 37. Qf3 (37. Ng6 $1 $14 {[%mdl 512]}) 37... Qa7 $11 {The position is equal.} 38. Bh3 Bxh3 39. Kxh3 Qe7 40. Qa8+ Kh7 41. Qe4+ Kg8 42. Qa8+ Kh7 43. Qe4+ Kg8 44. Qa8+ {Accuracy: White = 46%, Black = 46%.} 1/2-1/2

[Event "Panevezys Elite Open 2019"]
[Site "Panevezys"]
[Date "2019.06.25"]
[Round "1.11"]
[White "Zhukov, Anton"]
[Black "Kalinowska, Zuzanna"]
[Result "1-0"]
[WhiteElo "2178"]
[BlackElo "2093"]
[Annotator "TA"]
[PlyCount "83"]
[EventDate "2019.06.24"]
[EventType "swiss"]
[EventCountry "LTU"]
[SourceTitle "playchess.com"]
[Source "ChessBase"]
[SourceQuality "1"]

{[%evp 14,85,35,41,54,55,54,33,78,65,73,53,103,95,117,53,92,91,97,25,25,35,35,33,29,16,48,0,0,0,5,6,13,0,0,0,0,0,0,0,11,0,0,0,0,0,0,0,0,-12,-40,-58,-64,-65,-63,-61,-19,-17,-11,-52,1,0,94,53,353,106,318,142,479,480,466,451,1784,1693]} 1. d4 Nf6 2. c4 e6 3. g3 Bb4+ 4. Bd2 Qe7 5. Bg2 O-O 6. Nf3 Nc6 7. O-O Bxd2 8. Qxd2 Ne4 {E11: Bogo-Indian} (8... d6 9. Nc3 e5 10. Rac1 Bg4 11. dxe5 dxe5 12. Qe3 Rad8 13. Rfd1 Rxd1+ 14. Rxd1 Re8 15. Nd5 Qd8 16. h3 Bh5 17. Rd2 Bg6 18. Nh4 Nxd5 19. Rxd5 Qe7 20. Rb5 Nd4 21. Rxb7 Bb1 22. a3 f6 23. Bd5+ Kh8 24. Nf3 Bf5 {1-0 (24) Bruzon Batista,L (2666)-Stark,L (2440) Caleta 2016}) 9. Qc2 f5 10. a3 a5 {White is slightly better.} 11. d5 Nd8 12. Nd4 $146 ({Predecessor:} 12. Nc3 Ng5 13. Nxg5 Qxg5 14. f4 Qe7 15. Kh1 {0-1 (52) Mihalcea,G (1791)-Pablos Tenrero,R (1989) Mostoles 2018}) 12... Nc5 13. Nc3 a4 {[#]} 14. e4 (14. f4 $1 $16) 14... f4 15. e5 d6 16. dxe6 ({Better is} 16. Qe2 $16) 16... Ndxe6 $11 17. Nd5 Qd8 18. Nxe6 Nxe6 19. exd6 Qxd6 {Threatening ...f3.} 20. Rad1 {And now Nf6+! would win.} Qc5 21. Rfe1 {Hoping for Re5.} fxg3 22. hxg3 {Re5 is the strong threat.} c6 $1 {[%cal Rc6d5]} 23. Ne3 Ng5 24. Qd2 Bh3 {aiming for ...Bxg2.} 25. f4 Bxg2 26. Kxg2 Nf7 27. Qd4 Qh5 28. c5 Ra5 29. Rc1 Rd8 30. Nf1 h6 ({Not} 30... Rxd4 31. Re8#) 31. Qc3 Rb5 32. Rc2 Rd5 {[%cal Rb5c5]} 33. Qc4 Rdxc5 34. Qxa4 Rxc2+ 35. Qxc2 {[%cal Re1e8]} Qd5+ 36. Kh2 {[%cal Re1e8]} Qd8 (36... Nd6 $15) 37. Ne3 Qa5 (37... Nd6 $11) 38. Re2 $40 {[%mdl 128] White attacks.} Qb6 $2 {[%mdl 8192]} (38... Kf8 $1 $14) 39. Nf5 $2 (39. a4 $18 Rh5+ 40. Kg2) 39... Qd8 $2 (39... Qc5 $16 40. Ne7+ Kh8) 40. Qe4 (40. a4 $18 {and White stays clearly on top.} Ra5 41. b4) 40... Nd6 $2 {[%mdl 8192]} (40... Ra5 $16 41. Ne7+ Kh8) 41. Qe6+ $18 {White is clearly winning.} Nf7 {[#] Now ...Qd3 and Black clings on.} 42. a4 {Played: Qe6-g6} 1-0

[Event "Panevezys Elite Open 2019"]
[Site "Panevezys"]
[Date "2019.06.25"]
[Round "1.12"]
[White "Harshita Guddanti"]
[Black "Juknis, Paulius"]
[Result "1/2-1/2"]
[WhiteElo "2072"]
[BlackElo "2169"]
[Annotator "TA"]
[PlyCount "162"]
[EventDate "2019.06.24"]
[EventType "swiss"]
[EventCountry "LTU"]
[SourceTitle "playchess.com"]
[Source "ChessBase"]
[SourceQuality "1"]

{[%evp 13,162,36,40,43,47,39,43,34,105,64,54,59,118,139,130,138,140,142,165,140,165,139,146,116,155,148,147,125,120,105,131,87,119,122,110,67,82,77,100,95,101,105,105,103,113,70,75,60,97,45,74,58,61,17,27,14,103,74,135,58,51,53,81,82,92,89,83,84,168,78,73,57,58,24,58,58,58,58,58,29,29,29,29,29,29,29,29,29,29,29,43,0,0,0,6,0,6,6,6,6,6,6,6,6,6,6,6,6,6,6,6,6,6,6,6,6,6,6,6,0,6,6,6,6,6,0,6,0,6,0,6,6,51,0,0,0,0,0,0,0,0,0,0,0,0,0,0,0,0,0,0]} 1. e4 d6 2. d4 Nf6 3. Nc3 Nbd7 4. Nf3 e5 5. Bc4 Be7 6. O-O c6 7. a4 {[%cal Ba2a4,Ba4a5][%mdl 32]} h6 8. Re1 {C41: Philidor Defence} Qc7 9. a5 (9. Qd3 exd4 10. Qxd4 Ne5 11. Nxe5 dxe5 {1-0 (11) Fedorchuk,S (2665)-Rapport,R (2704) Palic 2014}) 9... Nf8 10. d5 {White is slightly better.} g5 (10... Ng6 $14) 11. Bd3 $146 ({Predecessor:} 11. a6 b5 12. Bb3 b4 13. Na2 c5 14. c3 Ng6 15. cxb4 Bg4 {1-0 (23) Papp,G (2432)-Akshayraj,K (2318) Chalkidiki 2003}) 11... Ng6 12. a6 Bd7 (12... cxd5 $14 13. Nxd5 Nxd5 14. Bb5+ (14. exd5 bxa6 15. Bxa6 O-O $11) 14... Kf8 15. Qxd5 Rb8) 13. axb7 $1 $16 Qxb7 {[%cal Rc6d5]} 14. dxc6 Bxc6 15. Nd2 Kf8 16. Nc4 Qc8 17. Ne3 Nf4 18. Ba6 Qd8 19. Nf5 Qd7 {...Nxe4 would now be nice for Black.} 20. Nxe7 Qxe7 21. Bb5 Bb7 22. Be3 a6 23. Bf1 Kg7 24. Bxf4 exf4 25. Qd4 Qe5 26. Qxe5 dxe5 27. Ra5 Rhe8 28. f3 Re6 29. Nd5 Nxd5 30. exd5 Rb6 31. Rxe5 ({White should play} 31. Rb1 $16) 31... Rxb2 $14 32. Bd3 Rd8 33. h4 gxh4 34. Kh2 Bc8 {[#]} (34... Rb4 $11) 35. Ra4 $1 $16 h3 (35... f5 $142) 36. gxh3 ({Better is} 36. Rxf4 $16 Bb7 37. Ref5 (37. Kxh3 Bxd5 38. Kg3 Rb6 $16)) 36... Bb7 $14 37. Rd4 Rd6 38. Rf5 Kg8 39. Be4 a5 40. Rxf4 Rb4 {[#]} (40... Kf8 $16) 41. Rg4+ (41. c4 $1 $18 {is more deadly.}) 41... Kf8 $16 42. Rxb4 axb4 {[%mdl 4096] Endgame KRB-KRB} 43. Rg2 Ke7 44. Rd2 $1 f5 45. Bxf5 {Hoping for Be4.} Rxd5 46. Re2+ Kf6 47. Be4 Rd7 48. Kg3 Bxe4 49. Rxe4 $11 {KR-KR} Rc7 50. Rxb4 {And now c4 would win.} Rxc2 51. Rb6+ Kg7 52. f4 Rc5 53. Re6 Ra5 54. Kg4 Rb5 55. Re5 Rb6 56. h4 {Threatens to win with h5.} Rb7 57. Re6 Ra7 58. Rd6 {aiming for Rc6.} Rb7 59. h5 {Black should prevent Re6.} Ra7 60. Rg6+ Kh7 $1 61. Re6 Kg7 62. Kf5 Ra5+ 63. Re5 Ra7 $1 64. Rd5 Rf7+ 65. Kg4 Ra7 66. Kf5 {Strongly threatening Kg4.} Rf7+ 67. Ke4 {Rd6 is the strong threat.} Re7+ 68. Re5 (68. Kd3 {is interesting.} Kf6 69. Kd4 Ra7 70. Ke3 Re7+ 71. Kf2) 68... Ra7 69. Rd5 {White wants to play Rd6.} Re7+ 70. Kf5 {Black must now prevent Rd6.} (70. Kd3 {looks sharper.} Kf6 71. Kd4 Ra7 72. Ke3 Re7+ 73. Kf2) 70... Rf7+ 71. Kg4 {With the idea Rd6.} Ra7 72. Rd4 {Threatening Rd5.} Rb7 73. f5 (73. Ra4 $14) 73... Rb6 {The position is equal.} 74. Kf4 Kf6 75. Rc4 Ra6 76. Rb4 Rc6 77. Ra4 Rb6 78. Rc4 Ra6 79. Rb4 Rc6 80. Ra4 Rb6 81. Rc4 Ra6 {Accuracy: White = 48%, Black = 53%.} 1/2-1/2

[Event "Panevezys Elite Open 2019"]
[Site "Panevezys"]
[Date "2019.06.25"]
[Round "1.13"]
[White "Kubicka, Anna"]
[Black "Stasans, Aivars"]
[Result "1-0"]
[WhiteElo "2162"]
[BlackElo "2039"]
[Annotator "TA"]
[PlyCount "63"]
[EventDate "2019.06.24"]
[EventType "swiss"]
[EventCountry "LTU"]
[SourceTitle "playchess.com"]
[Source "ChessBase"]
[SourceQuality "1"]

{[%evp 23,63,8,10,0,9,9,9,8,17,10,40,47,49,53,59,46,47,23,56,60,136,127,114,129,115,132,203,198,350,340,454,456,444,438,578,570,727,726,719,719,1145,622]} 1. e4 c5 2. Nf3 Nc6 3. d4 cxd4 4. Nxd4 Nf6 5. Nc3 e5 6. Ndb5 d6 7. Bg5 a6 8. Na3 b5 9. Nd5 Be7 10. Bxf6 Bxf6 11. c4 b4 12. Nc2 a5 ({Predecessor:} 12... O-O 13. g3 Bg5 14. Bg2 Be6 15. O-O a5 16. Qd3 Rb8 17. b3 {1-0 (46) Bubir,S (2613)-Chouari,W (2483) ICCF email 2008}) 13. g3 $146 {B33: Sicilian: Pelikan and Sveshnikov Variations} (13. Qf3 Be6 14. Rd1 Bxd5 15. cxd5 Na7 16. g3 Rc8 17. Ne3 O-O 18. h4 Rc5 19. Bd3 Nc8 20. O-O Qc7 {½-½ (31) Nakamura,H (2746)-Caruana,F (2828) Saint Louis 2019}) 13... O-O 14. Bg2 Bg5 15. O-O {The position is equal.} g6 16. b3 Rb8 17. Qd3 Be6 18. f4 exf4 19. gxf4 Bh6 20. Kh1 f5 21. Rad1 {Nde3 is the strong threat.} Qd7 ({Better is} 21... fxe4 $14 22. Bxe4 Bd7) 22. Nde3 {Threatens to win with exf5.} fxe4 23. Qxe4 {[#] Strongly threatening f5!} Ne7 24. Nd4 Rf6 (24... Bf7 $16 25. f5 Bg5) 25. Nxe6 $18 Qxe6 $2 (25... Rxe6 {was called for.} 26. Qf3 Qa7) 26. Nd5 Nf5 27. Nxf6+ {White is clearly winning.} Qxf6 28. Bh3 Bf8 29. Bxf5 gxf5 30. Qd5+ Kh8 31. Rg1 {[%csl Gd5][%cal Rg1g8] [#]} Be7 32. Rg2 {Accuracy: White = 67%, Black = 20%.} 1-0

[Event "Panevezys Elite Open 2019"]
[Site "Panevezys"]
[Date "2019.06.25"]
[Round "2.2"]
[White "Krishna Teja, N."]
[Black "Harutjunyan, Gevorg"]
[Result "1-0"]
[WhiteElo "2357"]
[BlackElo "2446"]
[Annotator "TA"]
[PlyCount "39"]
[EventDate "2019.06.24"]
[EventType "swiss"]
[EventCountry "LTU"]
[SourceTitle "playchess.com"]
[Source "ChessBase"]
[SourceQuality "1"]

{[%evp 19,51,0,25,0,0,0,0,0,19,28,37,0,16,-6,36,24,146,120,127,122,156,108,476,472,582,556,584,559,596,586,678,649,681,662]} 1. d4 d5 2. c4 Nc6 3. Nf3 Bg4 4. cxd5 Bxf3 5. gxf3 Qxd5 6. e3 e5 7. Nc3 Bb4 8. Bd2 Bxc3 9. bxc3 Qd6 10. Rb1 b6 11. f4 {D07: Queen's Gambit: Chigorin Defence} exf4 $1 12. e4 Nge7 13. Qf3 {The position is equal.} Qa3 {And now ...Nxd4! would win.} 14. Qxf4 {Hoping for Rg1.} Qxa2 15. Rd1 {aiming for Rg1.} O-O (15... Qe6 16. Be2 Ng6 17. Qf3 Na5 18. h4 h5 19. Bg5 c6 20. Rg1 Rc8 21. Kf1 {½-½ (21) Sakaev,K (2669)-De Firmian,N (2555) Copenhagen 2005}) 16. Qxc7 $146 ({Predecessor:} 16. Bd3 Qe6 17. O-O f5 18. f3 Qd7 {½-½ (33) Peschke,U (2193)-Hacker,C (2353) GER email 2009}) 16... Qc2 17. Bg2 Rfe8 {[#]} (17... Rac8 $11 {remains equal.} 18. Qg3 Na5) 18. Qg3 $1 $16 Nf5 19. Qg4 Nd6 {[%cal Rd6e4]} 20. O-O {Played: e4-e5} 1-0

[Event "Panevezys Elite Open 2019"]
[Site "Panevezys"]
[Date "2019.06.25"]
[Round "2.3"]
[White "Sulskis, Sarunas"]
[Black "Brazdzionis, Andrius"]
[Result "0-1"]
[WhiteElo "2528"]
[BlackElo "2337"]
[Annotator "TA"]
[PlyCount "58"]
[EventDate "2019.06.24"]
[EventType "swiss"]
[EventCountry "LTU"]
[SourceTitle "playchess.com"]
[Source "ChessBase"]
[SourceQuality "1"]

{[%evp 11,58,18,25,8,19,11,17,7,19,10,32,-25,-25,-33,0,-12,-18,-20,-8,-1,-9,-52,-36,-57,0,-10,-8,-8,8,0,10,0,0,-98,-62,-107,-112,-275,-275,-334,-330,-356,-370,-361,-380,-926,-921,-887,-890]} 1. d4 Nf6 2. c4 e6 3. Nf3 d5 4. Nc3 Bb4 5. Qa4+ Nc6 6. e3 O-O 7. Qc2 {D38: Queen's Gambit Declined: Ragozin Defence (4 Nf3 Bb4)} a6 8. Bd2 dxc4 9. Bxc4 {The position is equal.} Bd6 10. a3 e5 11. O-O-O $146 (11. dxe5 $14 Nxe5 12. Nxe5 Bxe5 13. O-O-O) ({Predecessor:} 11. dxe5 Nxe5 12. Nxe5 Bxe5 13. f4 Bxc3 14. Bxc3 Ng4 15. Bd4 {½-½ (30) Tari,A (2588)-Leko,P (2679) Douglas 2017}) 11... exd4 $11 12. exd4 b5 13. Bd3 Bg4 {...Bxf3 is the strong threat.} 14. Be3 h6 15. h3 Bd7 16. Ne4 (16. d5 $5 {[%cal Rd5c6]} Na5 17. Nd2 $11) 16... Nd5 17. Nc5 Be8 (17... b4 $15) 18. Bh7+ Kh8 19. Be4 Nce7 20. Ne5 Qc8 21. g4 f6 22. Nf3 (22. Ned3 $11 {remains equal.}) 22... Bf7 23. Rhg1 Rb8 24. Bf5 $2 {[#]} (24. Rd3 $17 {keeps fighting.}) 24... Nxf5 $19 25. gxf5 b4 26. Nh4 bxa3 27. bxa3 Qe8 28. Bd2 $2 (28. Rd3 Bxc5 29. dxc5) 28... Bxc5 {[%mdl 64] [#] Overworked Piece} 29. Qxc5 Qe4 {Accuracy: White = 16%, Black = 62%.} 0-1

[Event "Panevezys Elite Open 2019"]
[Site "Panevezys"]
[Date "2019.06.25"]
[Round "2.4"]
[White "Ulybin, Mikhail"]
[Black "Stremavicius, Titas"]
[Result "1/2-1/2"]
[WhiteElo "2474"]
[BlackElo "2477"]
[Annotator "TA"]
[PlyCount "33"]
[EventDate "2019.06.24"]
[EventType "swiss"]
[EventCountry "LTU"]
[SourceTitle "playchess.com"]
[Source "ChessBase"]
[SourceQuality "1"]

{[%evp 16,22,37,33,31,29,33,24,31]} 1. e4 c5 2. Nf3 Nc6 3. Bb5 Nf6 4. Nc3 g6 5. O-O Bg7 6. Re1 O-O 7. e5 Ng4 8. Bxc6 dxc6 9. d3 Nh6 {B31: Sicilian: 2...Nc6 3 Bb5 g6} 10. Ne4 b6 11. Bf4 Bg4 {Predecessor:} 12. h3 $146 Bxf3 13. Qxf3 Nf5 14. c3 f6 15. exf6 exf6 16. g4 Nh4 17. Qg3 {0-1 (42) Ponomariov,R (2709)-Gelfand,B (2743) Tashkent 2016} 1/2-1/2

[Event "Panevezys Elite Open 2019"]
[Site "Panevezys"]
[Date "2019.06.25"]
[Round "2.5"]
[White "Krykun, Yuriy"]
[Black "Badelka, Olga"]
[Result "1/2-1/2"]
[WhiteElo "2342"]
[BlackElo "2391"]
[Annotator "TA"]
[PlyCount "41"]
[EventDate "2019.06.24"]
[EventType "swiss"]
[EventCountry "LTU"]
[SourceTitle "playchess.com"]
[Source "ChessBase"]
[SourceQuality "1"]

{[%evp 23,41,28,18,25,27,16,30,30,37,24,43,33,44,31,33,0,18,0,0,-32]} 1. c4 Nf6 2. Nc3 e6 3. Nf3 d5 4. e3 c5 5. cxd5 exd5 6. Bb5+ Nc6 7. d4 Be7 8. dxc5 Bxc5 9. O-O O-O 10. b3 a6 11. Bxc6 bxc6 12. Bb2 Bg4 13. Rc1 {D32: Tarrasch Defence: Sidelines and lines without g3} Bd6 14. Ne2 Bxf3 (14... Rc8 15. Ne5 Bxe5 16. Bxe5 Qe7 17. Bxf6 Qxf6 18. f3 Bd7 19. Qd4 Qe7 20. Nc3 Rfe8 {1-0 (78) Giri,A (2791)-L'Ami,E (2628) Amsterdam 2015}) 15. gxf3 {White has an edge.} Rc8 16. Ng3 Re8 17. f4 $146 ({Predecessor:} 17. Qd3 a5 18. Rc2 Be5 19. Ba3 Re6 20. f4 Bb8 {1-0 (33) Johansen,D (2409)-Dale,A (2321) Canberra 2015}) 17... Bf8 18. Qd3 a5 19. Rc2 Ne4 20. Rfc1 Qd7 21. Kg2 1/2-1/2